00700nam a2200217Ia 450000500170000000800410001702000150005804100080007308200170008110000280009824500830012625000220020930000400023165000290027165000310030026400280033133600270035933700330038633800280041904000350044720220316235611.0121119s2000 sp a gr 000 0 spa  a84200068230 aspa04a637.1 bF73E1 aFriedrich Schmidt, Karl10aElaboración artesanal de mantequilla, yogur y queso cKarl-Friedrich Schmidt aPrimera edición a116 páginasbilustracionesc23 cm14aIndustria lechera 2LEMB14aProductos lácteos 2LEMB aZaragozabAcribiac2000 atextobtxt2rdacontent asin mediaciónbn2rdamedia avolumenbnc2rdacarrier aCO-BoRNBPbspaerdacCO-BoRNBP